000 00298nam a22001337a 4500
008 170831b xxu||||| |||| 00| 0 eng d
020 _a9781305041752
041 _aeng
080 _a070
100 _a40
101 _aMED
245 _aCOMPOSITION COMMUNICATION
_cBOSTIAN.P
942 _2udc
_cBK
999 _c25791
_d25791